Diaspora-Chile - Statistics

General Stats
  • This quiz has been taken 223 times
  • The average score is 9 of 10
Answer Stats
Number of immigrants Continent Country % Correct
96.444 North America United States of America
100%
191.147 South America Argentina
99%
68.130 Europe Spain
99%
26.795 North America Canada
95%
24.938 Oceania Australia
93%
15.432 South America Brazil
91%
12.958 Europe Germany
91%
14.291 Europe France
88%
12.037 South America Venezuela
69%
28.072 Europe Sweden
56%
No matching quizzes found
Score Distribution
Percent of People with Each Score
Percentile by Number Answered
Your Score History
You have not taken this quiz